[Event "Let's Play Chess!"]
[Site "http://www.queenalice.com/game.php?id=452465"]
[Date "2008.8.23"]
[Round "-"]
[White "Pablomattos"]
[Black "liquidate"]
[Result "1-0"]
[WhiteElo "1100"]
[BlackElo "1527"]

1. f3 d5 2. d4 Nf6 3. c3 Nc6 4. Nd2 e5 5. e3 Bd6 6. Bb5 O-O 7. Nh3 Bxh3 8. gxh3
Qd7 9. e4 dxe4 10. fxe4 exd4 11. cxd4 a6 12. Nf1 axb5 13. e5 Bb4+ 14. Ke2 Nxd4+
15. Kf2 Qf5+ 16. Kg2 Qxe5 17. b3 Qe4+ 18. Kf2 Rad8 19. Ng3 Qg6 20. Bf4 Nc2 21.
Rc1 Rxd1 22. Rcxd1 1-0

[Event "Let's Play Chess!"]
[Site "http://www.queenalice.com/game.php?id=452466"]
[Date "2008.8.23"]
[Round "-"]
[White "liquidate"]
[Black "Pablomattos"]
[Result "1-0"]
[WhiteElo "1500"]
[BlackElo "1100"]

1. e4 e5 2. f4 f6 3. fxe5 fxe5 4. Bc4 a6 5. Bxg8 Rxg8 6. Qh5+ Ke7 7. Qxh7 Rh8 8.
Qxh8 d6 9. d3 g6 10. Bg5+ Kf7 11. Bxd8 Nd7 12. Bxc7 d5 13. Bxe5 Nxe5 14. Qxe5
dxe4 15. Qxe4 Bh6 16. Nf3 Bc1 17. Ne5+ Kg7 18. Qxg6+ Kh8 19. Nf7# 1-0

[Event "Let's Play Chess!"]
[Site "http://www.queenalice.com/game.php?id=452467"]
[Date "2008.8.23"]
[Round "-"]
[White "Pablomattos"]
[Black "liquidate"]
[Result "1-0"]
[WhiteElo "1100"]
[BlackElo "1527"]

1. e4 e5 2. f4 exf4 3. Ne2 Nc6 4. Nxf4 Nf6 5. Nc3 Bc5 6. d3 O-O 7. g3 d6 8. a3
Bg4 9. Qd2 Nd4 10. Nb5 Nf3+ 11. Kd1 Nxd2+ 12. Kxd2 Bf3 13. b3 Bxh1 14. Kc3 d5
15. Kb2 dxe4 16. Bd2 exd3 17. Bxd3 Bc6 18. Kc1 Bxb5 19. Bxb5 Qd4 20. Kb1 Qxd2
21. Nh5 Nxh5 22. Ka2 1-0

[Event "AUTO-OPEN-1238"]
[Site "http://www.queenalice.com/game.php?id=452519"]
[Date "2008.8.23"]
[Round "1"]
[White "Pablomattos"]
[Black "Zendrix"]
[Result "0-1"]
[WhiteElo "1100"]
[BlackElo "1628"]

1. d4 d5 2. Nc3 e6 3. Nf3 h6 4. Bf4 Bb4 5. e3 a6 6. g3 Nc6 7. Bd3 g5 8. Nxg5
hxg5 9. Bxc7 Qxc7 10. a3 Bxc3+ 11. bxc3 e5 12. e4 dxe4 13. Bxe4 Nce7 14. Qd2
exd4 15. cxd4 Bh3 16. Qxg5 Qc3+ 17. Kd1 Qxa1+ 18. Ke2 Qxd4 19. Qf4 Nf6 20. Qxf6
Qxf6 21. Bxb7 Rd8 22. Rb1 Qe6+ 23. Kf3 Qg4+ 24. Ke3 Nf5# 0-1

[Event "AUTO-OPEN-1238"]
[Site "http://www.queenalice.com/game.php?id=452520"]
[Date "2008.8.23"]
[Round "1"]
[White "Zendrix"]
[Black "Pablomattos"]
[Result "1-0"]
[WhiteElo "1618"]
[BlackElo "1100"]

1. e4 e5 2. Nf3 Nf6 3. d3 Nc6 4. a3 h6 5. Nc3 d6 6. h3 Na5 7. d4 c6 8. dxe5 dxe5
9. Qxd8+ Kxd8 10. Nxe5 Bd6 11. Nxf7+ Kc7 12. Nxh8 Kb8 13. Ng6 Bd7 14. e5 Bf5 15.
exf6 Bxg6 16. fxg7 Be7 17. g8=Q+ Bf8 18. Qxf8+ Kc7 19. Qe7+ Kb6 20. Be3+ 1-0

[Event "AUTO-OPEN-1238"]
[Site "http://www.queenalice.com/game.php?id=452521"]
[Date "2008.8.23"]
[Round "1"]
[White "Pablomattos"]
[Black "TORNADO"]
[Result "0-1"]
[WhiteElo "1107"]
[BlackElo "1528"]

1. d4 d5 2. e3 c6 3. Nf3 Bg4 4. h3 Bxf3 5. gxf3 h6 6. c3 e6 7. f4 a6 8. a3 Nf6
9. Qb3 Bd6 10. Qxb7 Nbd7 11. Qxc6 Qe7 12. Qxa8+ Qd8 13. Qxa6 Bc7 14. Qb5 O-O 15.
Qb4 Ne4 0-1

[Event "AUTO-OPEN-1238"]
[Site "http://www.queenalice.com/game.php?id=452523"]
[Date "2008.8.23"]
[Round "1"]
[White "Pablomattos"]
[Black "zolaweed"]
[Result "0-1"]
[WhiteElo "1100"]
[BlackElo "1632"]

1. e4 e5 2. Nf3 Nc6 3. Nc3 a6 4. Bc4 b5 5. Nxb5 axb5 6. Bxb5 Bb7 7. Bxc6 Bxc6 8.
Nxe5 Bxe4 9. O-O Qg5 10. Re1 Qxg2# 0-1

[Event "AUTO-OPEN-1238"]
[Site "http://www.queenalice.com/game.php?id=452524"]
[Date "2008.8.23"]
[Round "1"]
[White "zolaweed"]
[Black "Pablomattos"]
[Result "1-0"]
[WhiteElo "1677"]
[BlackElo "1119"]

1. e4 e5 2. Nc3 Nf6 3. Nf3 Nc6 4. a3 Bc5 5. h3 a6 6. b4 Bxb4 7. axb4 Nxb4 8. Bc4
d6 9. Ng5 h6 10. Nxf7 Qd7 11. Nxh8 Qc6 12. d3 a5 13. Bb5 Kd7 14. Bxc6+ Kxc6 15.
Ng6 Be6 16. Na4 Nxc2+ 17. Qxc2+ Kd7 18. O-O Nh5 19. Qb2 Nf4 20. Nxf4 Rf8 21.
Nxe6 1-0

[Event "Challenge"]
[Site "http://www.queenalice.com/game.php?id=454175"]
[Date "2008.8.26"]
[Round "-"]
[White "Pablomattos"]
[Black "BISPO_Daniel"]
[Result "0-1"]
[WhiteElo "1185"]
[BlackElo "1111"]

1. e4 e5 2. Nc3 Nc6 3. d3 Bb4 4. Bd2 Nd4 5. Qc1 Nf6 6. Nf3 Ng4 7. Nxd4 exd4 8.
Qd1 Ne5 9. a3 Ba5 10. Qh5 Qf6 11. Bg5 Qb6 12. Bf4 d6 13. Bxe5 Qxb2 14. Rd1 Bxc3+
15. Ke2 Qxc2+ 16. Kf3 Qxd1+ 17. Kf4 Qxh5 18. Bxg7 Bd2+ 19. Kg3 Qg5+ 20. Kf3 Bg4+
0-1

[Event "Let's Play Chess!"]
[Site "http://www.queenalice.com/game.php?id=454621"]
[Date "2008.8.28"]
[Round "-"]
[White "Pablomattos"]
[Black "CampbellMarcel"]
[Result "0-1"]
[WhiteElo "1119"]
[BlackElo "1833"]

1. d4 Nf6 2. Nc3 e6 3. Nf3 Bb4 4. Bg5 h6 5. Bd2 b6 6. a3 Be7 7. e3 Bb7 8. Na4
Nc6 9. c3 O-O 10. g3 d6 11. Bb5 a6 12. Bxc6 Bxc6 13. h4 b5 14. Nc5 dxc5 15. dxc5
Bxc5 16. e4 Bxe4 0-1

[Event "Let's Play Chess!"]
[Site "http://www.queenalice.com/game.php?id=456248"]
[Date "2008.8.31"]
[Round "-"]
[White "lucianovdemelo"]
[Black "Pablomattos"]
[Result "1-0"]
[WhiteElo "1401"]
[BlackElo "1128"]

1. d4 d5 2. c4 c6 3. Nc3 dxc4 4. Nf3 Nf6 5. Bg5 Bg4 6. e3 e6 7. Bxc4 Bb4 8. O-O
Ne4 9. Bxd8 Kxd8 10. Nxe4 Nd7 11. a3 Ba5 12. h3 Bxf3 13. Qxf3 Nb6 14. Nd6 Nxc4
15. Nxf7+ Kc7 16. Nxh8 Rd8 17. b4 b6 18. bxa5 Nd2 19. Qf7+ Kd6 20. Rfd1 Nb3 21.
Rab1 1-0

[Event "Let's Play Chess!"]
[Site "http://www.queenalice.com/game.php?id=456269"]
[Date "2008.8.31"]
[Round "-"]
[White "Pablomattos"]
[Black "chris70"]
[Result "0-1"]
[WhiteElo "1138"]
[BlackElo "1394"]

1. d4 d5 2. Nc3 e6 3. Nf3 Nf6 4. Bg5 Be7 5. Qd2 h6 6. Bxf6 Bxf6 7. Qd3 a6 8. e3
Nc6 9. Nxd5 exd5 10. e4 Qe7 11. Qe3 dxe4 12. Qf4 exf3+ 13. Be2 Qxe2# 0-1

[Event "Let's Play Chess!"]
[Site "http://www.queenalice.com/game.php?id=456270"]
[Date "2008.8.31"]
[Round "-"]
[White "Pablomattos"]
[Black "Viper3910"]
[Result "0-1"]
[WhiteElo "1100"]
[BlackElo "1809"]

1. e4 e5 2. Nf3 Nc6 3. Bb5 Bc5 4. Nc3 Nd4 5. Nxe5 Qg5 6. Qf3 Nxf3+ 7. gxf3 Qxe5
8. a3 Bd4 9. d3 Bxc3+ 10. bxc3 Qxc3+ 11. Kf1 Qxa1 12. Kg2 Qe5 13. Bd2 Qxb5 14.
Ra1 Qb2 15. Rd1 Qxc2 16. Rg1 Qxd2 17. Rf1 Qxd3 18. Rb1 Qxb1 0-1

[Event "Let's Play Chess!"]
[Site "http://www.queenalice.com/game.php?id=456271"]
[Date "2008.8.31"]
[Round "-"]
[White "XaraX"]
[Black "Pablomattos"]
[Result "1-0"]
[WhiteElo "1843"]
[BlackElo "1138"]

1. d4 d5 2. c4 Nf6 3. Nc3 Bg4 4. h3 Nc6 5. hxg4 Nxg4 6. Bf4 Nxd4 7. Qxd4 h6 8.
Nb5 e6 9. Nxc7+ Qxc7 10. Bxc7 Rc8 11. Qxg4 Rxc7 12. cxd5 exd5 13. a3 h5 14. Rxh5
Rg8 15. Re5+ Be7 16. Rxd5 Bxa3 17. Rxa3 Rc1+ 18. Rd1 Rxd1+ 19. Kxd1 Rh8 20. Qc8+
Ke7 21. Qxh8 Ke6 22. Qxg7 1-0

[Event "Let's Play Chess!"]
[Site "http://www.queenalice.com/game.php?id=456272"]
[Date "2008.8.31"]
[Round "-"]
[White "magalhaes_br"]
[Black "Pablomattos"]
[Result "1-0"]
[WhiteElo "1288"]
[BlackElo "1119"]

1. e4 e5 2. Nf3 Nf6 3. Bc4 Bc5 4. Qe2 d6 5. Ng5 Bg4 6. f3 Bh5 7. Nc3 Nc6 8. g4
Bg6 9. d3 Bb4 10. a3 Bxc3+ 11. Bd2 Bxd2+ 12. Qxd2 h5 13. h3 h4 14. c3 Na5 15.
Ba2 Qd7 16. O-O-O c6 17. Bxf7+ Bxf7 18. b4 Nb3+ 19. Kc2 Nxd2 20. Rxd2 Bg6 21.
Re1 a6 22. Rf1 1-0

[Event "Challenge"]
[Site "http://www.queenalice.com/game.php?id=459004"]
[Date "2008.9.6"]
[Round "-"]
[White "Pablomattos"]
[Black "Noyender"]
[Result "0-1"]
[WhiteElo "1107"]
[BlackElo "1700"]

1. e4 e5 2. Nc3 Nf6 3. Nf3 d5 4. Nxd5 Nxe4 5. Ne3 Nc6 6. Nxe5 Nxe5 7. Bb5+ c6 8.
Ba4 Bc5 9. Nf1 Nc4 10. d3 Nb6 11. b3 O-O 12. f3 Nf2 13. Qe2 Nxh1 14. a3 Nd5 0-1